Pharmacology Laboratory Manual: pharmacy and clinical pharmacology (Record no. 152)
[ view plain ]
| 000 -LEADER | |
|---|---|
| fixed length control field | 00545nam a22002057a 4500 |
| 003 - CONTROL NUMBER IDENTIFIER | |
| control field | OSt |
| 005 - DATE AND TIME OF LATEST TRANSACTION | |
| control field | 20190828114407.0 |
| 008 - FIXED-LENGTH DATA ELEMENTS--GENERAL INFORMATION | |
| fixed length control field | 140709b xxu||||| |||| 00| 0 eng d |
| 020 ## - INTERNATIONAL STANDARD BOOK NUMBER | |
| International Standard Book Number | 812390553x |
| 040 ## - CATALOGING SOURCE | |
| Transcribing agency | DLNM |
| 082 ## - DEWEY DECIMAL CLASSIFICATION NUMBER | |
| Classification number | QV 778 S64p 1997 |
| 100 ## - MAIN ENTRY--PERSONAL NAME | |
| Personal name | Singhal C.K |
| 9 (RLIN) | 411 |
| 245 ## - TITLE STATEMENT | |
| Title | Pharmacology Laboratory Manual: pharmacy and clinical pharmacology |
| 250 ## - EDITION STATEMENT | |
| Edition statement | 2nd ed, |
| Remainder of edition statement | Vol 2 |
| 260 ## - PUBLICATION, DISTRIBUTION, ETC. (IMPRINT) | |
| Place of publication, distribution, etc. | India : |
| Name of publisher, distributor, etc. | CBSPublishers |
| Date of publication, distribution, etc. | 1997 |
| 300 ## - PHYSICAL DESCRIPTION | |
| Extent | 86 p; |
| Other physical details | ill |
| Dimensions | 24 |
| 504 ## - BIBLIOGRAPHY, ETC. NOTE | |
| Bibliography, etc | Has no Index |
| 650 ## - SUBJECT ADDED ENTRY--TOPICAL TERM | |
| Topical term or geographic name as entry element | Pharmacology |
| 9 (RLIN) | 357 |
| 942 ## - ADDED ENTRY ELEMENTS (KOHA) | |
| Source of classification or shelving scheme | Other/Generic Classification Scheme |
| Koha item type | Book Bank |
| Withdrawn status | Lost status | Source of classification or shelving scheme | Damaged status | Not for loan | Home library | Current library | Date acquired | Source of acquisition | Inventory number | Total Checkouts | Full call number | Barcode | Date last seen | Koha item type |
|---|---|---|---|---|---|---|---|---|---|---|---|---|---|---|
| Other/Generic Classification Scheme | MUST Main Library | MUST Main Library | 09/07/2014 | Purchase | 08/29410 | QV 778 S64p 1997 | 2014-0412 | 09/07/2014 | Book Bank | |||||
| Other/Generic Classification Scheme | MUST Main Library | MUST Main Library | 09/07/2014 | Purchase | 08/29406 | QV 778 S64p 1997 | 2014-0413 | 09/07/2014 | Book Bank | |||||
| Other/Generic Classification Scheme | MUST Main Library | MUST Main Library | 09/07/2014 | Purchase | 08/29409 | QV 778 S64p 1997 | 2014-0414 | 09/07/2014 | Book Bank | |||||
| Other/Generic Classification Scheme | MUST Main Library | MUST Main Library | 09/07/2014 | Purchase | 08/29408 | QV 778 S64p 1997 | 2014-0415 | 09/07/2014 | Book Bank | |||||
| Other/Generic Classification Scheme | MUST Main Library | MUST Main Library | 28/08/2019 | Purchase | 19/40993 | QV 25 S64p 1997 | 2019-0257 | 28/08/2019 | Book Bank | |||||
| Other/Generic Classification Scheme | MUST Main Library | MUST Main Library | 28/08/2019 | Purchase | 19/40994 | QV 25 S64p 1997 | 2019-0258 | 28/08/2019 | Book Bank |
